000 00566nam a2200181Ia 4500
008 090124s9999 xx 000 0 und d
082 _b74
100 _aमहाजन दे.श्री.
245 _a विदयुतसंस्कार
250 _a0
260 _bउदयम प्रकाशन
300 _a31
600 _aमहाजन दे.श्री.
630 _a विदयुतसंस्कार
700 _aमहाजन दे.श्री.
730 _a विदयुतसंस्कार
942 _cBOOK
999 _c81529
_d81529